Chez soi en ville : Quatre éssais critiques sur l´architecture des transitions /

Guardado en:
Detalles Bibliográficos
Autores principales: Pélissier, Alain (Autor), Daniel-Lacombe, Eric (Autor), Eleb-Harlé, Nicole (Autor)
Otros Autores: Dehan, Philippe
Formato: Libro
Lenguaje:francés
Publicado: Liège : Pierre Mardaga, 1995
Edición:1. vydanie
Materias:
Etiquetas: Agregar Etiqueta
Sin Etiquetas, Sea el primero en etiquetar este registro!

MARC

LEADER 00000nam a22000003a 4500
001 0065097
003 SK-STU
005 20190328105155.6
007 ta
008 180517s ----xo-----e------000-0-----d
020 |a 2-87009-609-7 
040 |a STU  |b slo 
041 0 |a fre 
044 |a fr 
100 1 |a Pélissier, Alain  |4 aut 
245 1 0 |a Chez soi en ville :  |b Quatre éssais critiques sur l´architecture des transitions /  |c aut. Alain Pélissier, Eric Daniel-Lacombe, Philippe Dehan, Nicole Eleb-Harlé 
250 |a 1. vydanie 
260 |a Liège :  |b Pierre Mardaga,  |c 1995 
300 |a 141 s. 
650 0 7 |a mesto 
650 0 7 |a urbanizmus a územné plánovanie 
650 0 7 |a urbanistické navrhovanie 
700 1 |a Daniel-Lacombe, Eric  |4 aut 
700 1 |a Dehan, Philippe 
700 1 |a Eleb-Harlé, Nicole  |4 aut 
996 |b 284AU07454  |c A* 10703/U  |l AAKNAR  |s A  |a 24  |w 0065097_0001